000 00994nam a22003017a 4500
001 BR8501800
003 BR-BrBNA
005 20230928092131.0
007 ta
008 230509b bl.||||| |||| 00| 0 por d
040 _aBR-BrBNA
_bpor
_cBiblioteca Nacional de Agricultura
041 _a(Por)
072 _aL73; L53
_b5212
_b4190
090 _ 5212 BR8501800
100 1 _aCastro, M. de S.
110 1 _aUniversidade Federal de Minas Gerais, Belo Horizonte (Brasil). Escola de Veterinaria
_0Tese (Mestrado)
245 1 _aEfeito da administracao de iliren (Tiaprost)na terapia das endometrites no bovino [prostaglandina]
260 3 _aBelo Horizonte, MG (Brasil):
_c1984.
300 _a66 p.
500 _aBibliography p. 44-54 (84 ref.); Summaries (Ger, Eng, Por); 11 tables
650 _aREPRODUCAO ANIMAL
650 _aBOVINO
650 _aENDOMETRITE
650 _aPROSTAGLANDINA
650 _aEFICIENCIA REPRODUTIVA
909 _a202309
_bLucia
_c55
_dLucia Elande
942 _cBK
999 _c37312
_d37312